Statistics for Countries Starting With S - One Minute Sprint

Click here to take the quiz!

General Stats

  • This quiz has been taken 574 times
    (138 since last reset)
  • The average score is 18 of 26

Answer Stats

country% Correct
Senegal
86%
Suriname
83%
Slovakia
80%
South Sudan
80%
St Lucia
80%
Samoa
79%
Slovenia
79%
St Kitts and
Nevis
79%
Sweden
78%
Sudan
77%
St Vincent and
the Grendines
74%
South Africa
73%
South Korea
73%
Switzerland
73%
Serbia
70%
Spain
68%
Solomon Islands
66%
Somalia
62%
Singapore
58%
Syria
58%
São Tomé
and Príncipe
57%
Seychelles
55%
San Marino
54%
Sierra Leone
49%
Saudi Arabia
47%
Sri Lanka
46%

Score Distribution

Percentile by Number Answered

Percent of People with Each Score

Your Score History

You have not taken this quiz since the last reset